000 00220nam a2200097 a 4500
005 20200930065944.0
008 110805s1912 000 spa d
245 0 _aPáginas efímeras.
260 _c1912.
999 _c32477
_d32477
040 _aDO-SdBNP